00644nam a22001817a 4500008004100000040005500041080001500096245003200111260005600143300001400199500001800213650002100231653001300252700001900265942001200284999001700296952014900313230807b |||||||| |||| 00| 0 eng d aNational Science LibrarycNational Science Library a541.18(05) aAdvance in colloid science  aNew York: bInterscience Publications, Inc., c1950 axi, 384p. aVol. III 1950 aColloid science  aScience  aMark, H (Ed.)  2udccBK c57879d57879 00102udc4065411805709108960aNSLbNSLcFF/Rk-2/C-11/R-6d1969-02-19hVol. 3 1950l0o541.18(05)p23301r2023-08-07 00:00:00w1969-02-19yBK